000 01192nam0a2200265 4500
001 RU\NLR\BIBL_A\010741890
005 20250614092930.0
035 _a(NLR Aleph) 010741890
090 _a9907289
_c9907289
100 _a20150429d1935 |||y0rusy50 ca
101 0 _asah
_crus
102 _aRU
105 _ay z 000yy
200 1 _aХолхуос атыгар - уһулуччу кыһамньыны, олус үчүгэй кѳрүүнү
_e(ССӨС осуоабыйахыымын к. с. солб. бэрэссэдэытэлэ бэлииский бигэргэппитэ)
_fОсоавиахим Саха уобалаластаҕы совета
210 _aДьокуускай
_cСудаарыстыба Саха сиринээҕи бэчээтиир суута
_d1935
215 _a38 с.
_d15
300 _aЛатин. графика
541 1 _aКолхозному коню образцовую заботу и уход
_zrus
606 1 _aЛошади
_xУход за ними
_91560589
_3RU\NLR\AUTH\66682480
686 1 _aП611-4
852 _aNLR
_bОНЛ
_jЯкут./2-185
852 _aNLR
_bОНЛ
_jЯкут./2-185
942 _cBOOK
980 _aNB